Department of Defense Contractors in Iraq and Afghanistan : Background and Analysis.

Examines trends relating to Government contractors in Iraq and Afghanistan, DOD efforts to improve contractor oversight and management, and extent to which DOD has incorporated role of contractors into its doctrine and strategy. Addresses Congressional action to exercise oversight over DOD contracti...

Full description

Bibliographic Details
Corporate Authors: Library of Congress. Congressional Research Service, ProQuest (Firm)
Format: eBook
Language:English
Published: [Place of publication not identified] : [publisher not identified], 2009.
Series:U.S. Congressional Research.
Subjects:
Online Access:Connect to the full text of this electronic book

MARC

Tag First Indicator Second Indicator Subfields
LEADER 00000cam a22000001a 4500
001 in00003409607
006 m d f
007 cr bn mmmapmmp
008 101223s2009 dcu o f000 0 eng d
005 20260429194845.6
035 |a cis2007870664 
040 |a ProQuest  |c ProQuest  |d UtOrBLW 
043 |a n-us--- 
099 |a CRS-2009-FDT-1178 
110 2 |a Library of Congress.  |b Congressional Research Service. 
245 1 0 |a Department of Defense Contractors in Iraq and Afghanistan :  |b Background and Analysis. 
264 1 |a [Place of publication not identified] :  |b [publisher not identified],  |c 2009. 
300 |a 1 online resource. 
336 |a text  |b txt  |2 rdacontent 
337 |a computer  |b c  |2 rdamedia 
338 |a online resource  |b cr  |2 rdacarrier 
500 |a Record is based on bibliographic data in ProQuest U.S. Congressional Research Digital Collection (last viewed Dec. 2010). Reuse except for individual research requires license from ProQuest, LLC. 
500 |a CRS Report. 
520 |a Examines trends relating to Government contractors in Iraq and Afghanistan, DOD efforts to improve contractor oversight and management, and extent to which DOD has incorporated role of contractors into its doctrine and strategy. Addresses Congressional action to exercise oversight over DOD contracting, including contracting issues that have been the focus of hearings and legislation. Includes tables and graphs. 
500 |a Electronic resource. 
650 0 |a Public contracts. 
650 0 |a Government productivity. 
651 0 |a Afghanistan. 
655 7 |a Electronic books.  |2 local 
710 2 |a ProQuest (Firm) 
776 0 8 |i Microfiche version:   |a Library of Congress. Congressional Research Service.  |t Department of Defense Contractors in Iraq and Afghanistan 
830 0 |a U.S. Congressional Research. 
856 4 0 |u http://proxy.library.tamu.edu/login?url=https://congressional.proquest.com/congcomp/getdoc?CRDC-ID=CRS-2009-FDT-1178  |z Connect to the full text of this electronic book  |t 0 
999 |a MARS 
999 f f |s 883054b2-cbb6-3806-ac21-fa69e7d1d311  |i 25a57d95-7758-3594-83b7-95a114e5bc2d  |t 0 
952 f f |a Texas A&M University  |b College Station  |c Electronic Resources  |s www_evans  |d Available Online  |t 0  |e CRS-2009-FDT-1178  |h Other scheme 
998 f f |a CRS-2009-FDT-1178  |t 0  |l Available Online